MARC details
| 000 -LEADER |
| campo de control de longitud fija |
01550nac a2200277 a 4500 |
| 003 - IDENTIFICADOR DE NÚMERO DE CONTROL |
| campo de control |
CO-PeBPM |
| 005 - FECHA Y HORA DE LA ÚLTIMA TRANSACCIÓN |
| campo de control |
20250508183142.0 |
| 007 - CAMPO FIJO DE DESCRIPCIÓN FÍSICA--INFORMACIÓN GENERAL |
| campo de control de longitud fija |
ta |
| 008 - DATOS DE LONGITUD FIJA--INFORMACIÓN GENERAL |
| campo de control de longitud fija |
250508s1998 ck |||| |||| 00| 0 spa d |
| 020 ## - NÚMERO INTERNACIONAL ESTÁNDAR DEL LIBRO |
| Número Internacional Estándar del Libro |
ISBN: 9589603017 |
| 040 ## - FUENTE DE CATALOGACIÓN |
| Centro catalogador/agencia de origen |
CO-PeBPM |
| Lengua de catalogación |
spa |
| Centro/agencia transcriptor |
CO-PeBPM |
| Normas de descripción |
rda |
| 041 ## - CÓDIGO DE IDIOMA |
| Código de lengua del texto/banda sonora o título independiente |
spa |
| 082 04 - NÚMERO DE LA CLASIFICACIÓN DECIMAL DEWEY |
| Número de clasificación |
158.1 D946a |
| Número de edición |
22 |
| 100 10 - ENTRADA PRINCIPAL--NOMBRE DE PERSONA |
| Nombre de persona |
Duque Linares, Jorge |
| Término indicativo de función/relación |
autor |
| 245 10 - MENCIÓN DEL TÍTULO |
| Título |
Actitud positiva |
| Mención de responsabilidad, etc. |
/ Jorge Duque Linares |
| 250 ## - MENCION DE EDICION |
| Mención de edición |
Quinta edición |
| 260 ## - PUBLICACIÓN, DISTRIBUCIÓN, ETC. |
| Lugar de publicación, distribución, etc. |
[Bogotá]. Colombia |
| Nombre del editor, distribuidor, etc. |
: Panamericana |
| Fecha de publicación, distribución, etc. |
, 1998 |
| 300 ## - DESCRIPCIÓN FÍSICA |
| Extensión |
217 páginas |
| Dimensiones |
21,5 centimetros |
| 500 ## - NOTA GENERAL |
| Nota general |
Incluye índice al final del texto |
| 500 ## - NOTA GENERAL |
| Nota general |
Contiene datos biográficos del autor en la solapa del texto |
| 504 ## - NOTA DE BIBLIOGRAFÍA, ETC. |
| Nota de bibliografía, etc. |
Incluye bibliografía al final del texto |
| 520 ## - RESUMEN, ETC. |
| Sumario, etc. |
Nada le será negado en ninigún campo si toma conciencia de su valor humano. Usted siente, piensa y actua. No puede negarse a sí mismo estas certezas, a menos que haya muerto. Si está vivo, es porque, tiene ahora en sus manos, el material que se requiere para alcanzar el éxito, la plenitud, la felicidad: espiritual, mental, familiar, económica, social y física. Con claridad, este libro hace las veces de un límpido espejo en el cual todo lector, novicio en estos temas o estudioso de los mismos, puede observarse a si mismo y contribuir a imprimirle un cambio radical a cuanto le impide alcanzar las metas con las cuales siempre ha soñado... tomado de la contracubierta del libro. |
| 650 14 - PUNTO DE ACCESO ADICIONAL DE MATERIA--TÉRMINO DE MATERIA |
| Término de materia o nombre geográfico como elemento de entrada |
Crecimiento personal |
| Fuente del encabezamiento o término |
LEMB |
| 650 14 - PUNTO DE ACCESO ADICIONAL DE MATERIA--TÉRMINO DE MATERIA |
| Término de materia o nombre geográfico como elemento de entrada |
Actitud (Psicología) |
| Fuente del encabezamiento o término |
LEMB |
| 942 ## - ELEMENTOS DE ENTRADA SECUNDARIOS (KOHA) |
| Fuente del sistema de clasificación o colocación |
Clasificación Decimal Dewey |
| Tipo de ítem Koha |
Libros |
| Suprimir en OPAC |
No |